000
00296nam a22001337a 4500
008
181008b xxu||||| |||| 00| 0 eng d
020
_a
9781878812629
041
_a
eng
080
_a
159.9
100
_a
48
101
_a
PSI
245
_a
Rethinking Alxheimer's Care
_c
Fazio,S
942
_2
udc
_c
BK
999
_c
49015
_d
49015